Swamys handbook 2025 (hindi) (Record no. 1308612)

MARC details
000 -LEADER
fixed length control field 00875nam a2200217 4500
005 - DATE AND TIME OF LATEST TRANSACTION
control field 20250409145014.0
008 - FIXED-LENGTH DATA ELEMENTS--GENERAL INFORMATION
fixed length control field 250409b |||||||| |||| 00| 0 eng d
037 ## - SOURCE OF ACQUISITION
Terms of availability Textual
040 ## - CATALOGING SOURCE
Original cataloging agency RTL
Transcribing agency RTL
084 ## - COLON CLASSIFICATION NUMBER
Classification number V2,8g R5
Assigning agency RTL
100 ## - MAIN ENTRY--PERSONAL NAME
Personal name Muthuswamy sanjeev Brinda
9 (RLIN) 752024
245 ## - TITLE STATEMENT
Title Swamys handbook 2025 (hindi)
250 ## - EDITION STATEMENT
Edition statement 9th ed.
260 ## - PUBLICATION, DISTRIBUTION, ETC.
Place of publication, distribution, etc. Chennai
Name of publisher, distributor, etc. Swamy publishers (P) Ltd.
Date of publication, distribution, etc. 2025
300 ## - PHYSICAL DESCRIPTION
Extent 608 p.
Other physical details Includes bibliographical references
520 ## - SUMMARY, ETC.
Summary, etc. Ninth hindi edition incorporating latest orders based on Seventh Pay Commission Report . All Allowances including TA are updated with latest orders (Swamy's Personal Organizer appended to the Handbook)
650 ## - SUBJECT ADDED ENTRY--TOPICAL TERM
Topical term or geographic name entry element Central government rules
9 (RLIN) 752032
650 ## - SUBJECT ADDED ENTRY--TOPICAL TERM
Topical term or geographic name entry element Government service rules
9 (RLIN) 752033
650 ## - SUBJECT ADDED ENTRY--TOPICAL TERM
Topical term or geographic name entry element Government administration rules
9 (RLIN) 752034
942 ## - ADDED ENTRY ELEMENTS (KOHA)
Source of classification or shelving scheme Colon Classification (CC)
Suppress in OPAC No
Koha item type Textbook
Classification part V2,8g R5
Holdings
Withdrawn status Lost status Source of classification or shelving scheme Damaged status Not for loan Home library Current library Date acquired Total Checkouts Full call number Barcode Date last seen Price effective from Koha item type
    Colon Classification (CC)     Ratan Tata Library Ratan Tata Library 2025-04-09   V2,8g R5 RT1585281 2025-04-09 2025-04-09 Textbook
Copyright @ Delhi University Library System